[Event "Auckland Morrison Memorial"]
[Site "Auckland"]
[Date "2020.10.25"]
[Round "3"]
[White "Jiang, Bevis"]
[Black "Le Grange, Rauen"]
[Result "1/2-1/2"]
[WhiteElo "1229"]
[BlackElo "1659"]
[PlyCount "80"]
[EventDate "2020.10.24"]
[EventType "swiss"]
[EventRounds "6"]
[EventCountry "NZL"]
[SourceTitle "EXT 2024"]
[Source "ChessBase"]
[SourceDate "2023.10.10"]
[SourceVersion "1"]
[SourceVersionDate "2023.10.10"]
[SourceQuality "1"]

1. f4 e5 2. fxe5 d6 3. exd6 Bxd6 4. Nf3 g5 5. g3 g4 6. Nh4 f5 7. Ng2 h5 8. e3 h4 9. Nxh4 Rxh4 10. gxh4 Qxh4+ 11. Ke2 g3 12. h3 f4 13. Bg2 Nc6 14. d3 Ne5 15. Nd2 fxe3 16. Nf3 Nxf3 17. Bxf3 g2 18. Bxe3 gxh1Q 19. Qxh1 c6 20. Bxc6+ Bd7 21. Bxd7+ Kd8 22. Qxb7 Rb8 23. Qxa7 Qe7 24. Bg4 Rb7 25. Qa5+ Ke8 26. Bh5+ Kd7 27. Qa4+ Kd8 28. Qe4 Rxb2 29. Qxe7+ Nxe7 30. Kd2 Bb4+ 31. Kd1 Bc3 32. a4 Nd5 33. Bc1 Rb6 34. Ra2 Rb1 35. a5 Bd4 36. Ra3 Be3 37. Ke2 Bxc1 38. Rb3 Rxb3 39. cxb3 Nf4+ 40. Kd1 Ba3 1/2-1/2

[Event "George Trundle Talents"]
[Site "Auckland"]
[Date "2020.01.12"]
[Round "9"]
[White "Sharma, Akshay"]
[Black "Jiang, Bevis"]
[Result "1-0"]
[WhiteElo "1504"]
[BlackElo "1233"]
[PlyCount "77"]
[EventDate "2020.01.04"]
[EventType "tourn"]
[EventRounds "9"]
[EventCountry "NZL"]
[SourceTitle "EXT 2021"]
[Source "ChessBase"]
[SourceDate "2020.10.23"]
[SourceVersion "1"]
[SourceVersionDate "2020.10.23"]
[SourceQuality "1"]

1. e4 e5 2. Nf3 Nc6 3. Bb5 a6 4. Ba4 b5 5. Bb3 Bc5 6. c3 Ba7 7. d4 Nf6 8. Bg5 h6 9. Bxf6 Qxf6 10. 0-0 exd4 11. e5 Qe7 12. cxd4 0-0 13. Nc3 d6 14. Nd5 Qd7 15. Rc1 Bb7 16. Qd3 Rfe8 17. Rfe1 dxe5 18. dxe5 Nd4 19. Nxd4 Bxd5 20. Nxb5 axb5 21. Qxd5 Qf5 22. Qf3 Qxf3 23. gxf3 c5 24. Bd5 Rad8 25. Bc6 Re6 26. Bxb5 Rd2 27. Bc4 Rg6+ 28. Kf1 Rxb2 29. Rb1 Rc2 30. Bd3 Rxf2+ 31. Kxf2 c4+ 32. Ke2 Rg2+ 33. Kd1 cxd3 34. Rb3 Rxa2 35. Rxd3 Rxh2 36. Re2 Rh4 37. Rd8+ Kh7 38. Rd7 Rd4+ 39. Rd2 1-0

[Event "George Trundle Talents"]
[Site "Auckland"]
[Date "2020.01.09"]
[Round "6"]
[White "Jiang, Bevis"]
[Black "Mudaliar, Rohit"]
[Result "1-0"]
[WhiteElo "1233"]
[BlackElo "1403"]
[PlyCount "56"]
[EventDate "2020.01.04"]
[EventType "tourn"]
[EventRounds "9"]
[EventCountry "NZL"]
[SourceTitle "EXT 2021"]
[Source "ChessBase"]
[SourceDate "2020.10.23"]
[SourceVersion "1"]
[SourceVersionDate "2020.10.23"]
[SourceQuality "1"]

1. e4 e5 2. Nf3 Nc6 3. Bc4 Nd4 4. Nxe5 Qg5 5. Ng4 h5 6. Ne3 Nf6 7. Nc3 Bd6 8. d3 Qg6 9. Ncd5 Ng4 10. Nxg4 Qxg4 11. Ne3 Qg6 12. c3 Nc6 13. Qf3 Ne5 14. Qf5 Qxf5 15. Nxf5 Nxc4 16. dxc4 Bf8 17. Bf4 d6 18. Ne3 f6 19. h3 Be6 20. 0-0-0 g5 21. Bh2 0-0-0 22. f4 Bh6 23. Rdf1 Rhe8 24. Kc2 Bd7 25. Kd3 Bc6 26. Nd5 Bxd5 27. cxd5 Re7 28. f5 Rde8 1-0